Shorter Than a Kardashian Marriage? Quiz Stats

Quiz Updated Oct 21, 2014

Challenge
Share
Tweet
Embed
Score 0/30 Timer 05:00
6 Plays Today
Fact L or S? % Correct
Odysseus' journey home???
84.7%
Titanic to sink???
81.4%
Raw chicken lasts in the fridge (recommended)???
80%
Passover???
79.4%
Boiling an egg (avg)???
79.3%
Hundred Years' War???
77.9%
Lisa Marie Presley and Nicolas Cage's marriage???
71.6%
The Tour de France (avg)???
70.7%
Time between Halloween and Christmas???
70.7%
Planned duration of the Spirit Rover mission to Mars???
69.2%
Drew Barrymore and Tom Green's marriage???
69.2%
Britney Spears and Jason Alexander's marriage???
68.7%
Frodo's journey from the Shire to Mordor???
67.3%
Estrous cycle of an elephant???
66.6%
Helen Hunt and Hank Azaria's marriage???
66.5%
Fact L or S? % Correct
Gestation period of a cow???
65%
Days of rain during the flood in the book of Genesis???
63.4%
2011 NFL Lockout???
63%
Hillary's ascent of Mt. Everest (base camp to peak)???
59.4%
Kid Rock and Pam Anderson's marriage???
59.1%
William Henry Harrison's presidential term???
58.4%
Gestation period of a cat???
57.8%
Leonardo da Vinci to paint the Mona Lisa???
57.6%
Eddie Murphy and Tracey Edmonds' marriage???
55.2%
Ethel Merman and Ernest Borgnine's marriage???
43.6%
Charlie Sheen and Donna Peele's marriage???
41.8%
Carmen Electra and Dennis Rodman's marriage???
41.8%
Walking non-stop from Los Angeles, CA to New York, NY???
37.5%
Watching all Simpsons episodes and the movie non-stop???
33.3%
Columbus' crossing of the Atlantic???
27.3%

You're not logged in!

Compare scores with friends on all Sporcle quizzes.
Join for Free
OR
Log In

You Might Also Like...

Show Comments

Extras

Top Quizzes Today


Score Distribution

Your Account Isn't Verified!

In order to create a playlist on Sporcle, you need to verify the email address you used during registration. Go to your Sporcle Settings to finish the process.

Report this User

Report this user for behavior that violates our Community Guidelines.

Details: